Frontiers in science and technology (Record no. 63310)

MARC details
000 -LEADER
fixed length control field 00686nam a2200157 a 4500
008 - FIXED-LENGTH DATA ELEMENTS--GENERAL INFORMATION
fixed length control field 080109s1985 ||||||||||||||||| || u
020 ## - INTERNATIONAL STANDARD BOOK NUMBER
International Standard Book Number 0876923813
050 ## - LIBRARY OF CONGRESS CALL NUMBER
Classification number Q 158.5 Uni
245 10 - TITLE STATEMENT
Title Frontiers in science and technology
246 ## -
-- a selected outlook
260 ## - PUBLICATION, DISTRIBUTION, ETC.
Place of publication, distribution, etc. New Delhi
Name of publisher, distributor, etc. Printice-Hall of India
Date of publication, distribution, etc. 1985
300 ## - PHYSICAL DESCRIPTION
Extent xxii, 227p. : ill.
350 ## -
-- 0.00
995 ## -
-- ANNEX COLLECTION (Main Library)
-- 0.00
-- 712872
-- CBU-MAIN LIBRARY (Kitwe)
-- 1
-- 35.00
-- Q 158.5 Uni
-- 1
-- AVAILABLE
-- 011252
-- Annex Low-Usage Collection
995 ## -
-- ANNEX COLLECTION (Main Library)
-- 0.00
-- 712860
-- CBU-MAIN LIBRARY (Kitwe)
-- 2
-- 35.00
-- Q 158.5 Uni
-- 2
-- AVAILABLE
-- 011253
-- Annex Low-Usage Collection
999 ## -
-- 63310
-- 63310
Holdings
Withdrawn status Lost status Source of classification or shelving scheme Damaged status Not for loan Permanent Location Current Location Shelving location Date acquired Total Checkouts Full call number Barcode Date last seen Price effective from Koha item type
          CBU-MAIN LIBRARY, KITWE. CBU-MAIN LIBRARY, KITWE.   12/24/2022   Q 158.5 Uni 011252 12/24/2022 12/24/2022 MONOGRAPH
          CBU-MAIN LIBRARY, KITWE. CBU-MAIN LIBRARY, KITWE.   12/24/2022   Q 158.5 Uni 011253 12/24/2022 12/24/2022 MONOGRAPH